000 00377nam a2200145Ia 4500
008 220216s9999 xx 000 0 und d
100 _aSethuraj M R
245 0 _aRubber: Research back up to make industry international
260 _bIndian Horticulture
_c1994
300 _a32-35
650 _aIndia
650 _aRubber research
700 _aPanikkar A O N
942 _cJS
999 _c68192
_d68192